El derrumbe del Humanismo: guerra, maldad y violencia en los tiempos modernos
Uloženo v:
| Hlavní autoři: | , |
|---|---|
| Médium: | Kniha |
| Jazyk: | španělština |
| Vydáno: |
Buenos Aires
Edhasa
2006
|
| Vydání: | 1a. ed |
| Témata: | |
| Tagy: |
Přidat tag
Žádné tagy, Buďte první, kdo vytvoří štítek k tomuto záznamu!
|
MARC
| LEADER | 00000cam a2200000 a 4500 | ||
|---|---|---|---|
| 001 | UCF2786 | ||
| 003 | CL-VaPUC | ||
| 008 | 120910e20061200AG |||||||||||||||||spa|d | ||
| 020 | |a 9789509009790 | ||
| 082 | 0 | 4 | |a Ar864 |b MUC |2 21 |
| 100 | |a Muchnik, Daniel |e autor |9 597175 | ||
| 700 | |a Garvie, Alejandro N |e author |9 567748 | ||
| 245 | 1 | 3 | |a El derrumbe del Humanismo: guerra, maldad y violencia en los tiempos modernos |
| 250 | |a 1a. ed | ||
| 300 | |a 256 p | ||
| 942 | |c BK | ||
| 945 | |d 20120910 00:00:00 |a dcastane | ||
| 260 | |a Buenos Aires |b Edhasa |c 2006 | ||
| 650 | 0 | |a Ensayos argentinos |9 269128 | |
| 650 | 0 | |a Guerras |9 255273 | |
| 650 | 0 | |a Violencia |9 255411 | |
| 583 | |a last modification |c 20120910 11:39:00 |k Rodrigo Vera | ||
| 999 | |c 349325 |d 349323 | ||
| 952 | |0 0 |1 0 |4 0 |6 AR_864_000000000000000_MUC_2006 |7 0 |8 A |9 451904 |a BIBHIS |b BIBHIS |d 2019-11-22 |i 488499K |o Ar864 MUC 2006 |p 488499K |r 2025-01-20 |w 2019-11-22 |y BK |k HIS | ||
| 952 | |0 0 |1 0 |3 erb |4 0 |6 AR_864_000000000000000_MUC_2006 |7 0 |8 A |9 451905 |a FDOHBE |b FDOHBE |e Huesbe Llanos, Marco Antonio, 1934- |i 5309743 |o Ar864 MUC 2006 |p 5309743 |r 2024-01-30 |w 2019-11-22 |y BK |z Catalogado en:20160623 |k HBE | ||